000 00292nam a22001337a 4500
008 181206b xxu||||| |||| 00| 0 eng d
020 _a9780716799498
041 _aeng
080 _25 TH
_a541
100 _a12
101 _aKIM
245 _aOrganic Chemistry
_cSchore.V
942 _2udc
_cBK
999 _c52975
_d52975